أسس التحليل الرياضي = (رقم التسجيلة. 26095)

تفاصيل مارك
000 -الفاتح
حقل البيانات ثابتة الطول 00754cam a22002411a 4500
003 - محدد رقم الضبط
رقم الضبط OSt
005 - وقت وتاريخ اخر تعامل مع التسجيلة
رقم الضبط 20150408114101.0
008 - عناصر البيانات ثابتة الطول - معلومات عامة
حقل البيانات ثابتة الطول 120215s2000 jo f 00010 ara c
020 ## - الرقم الدولى المعيارى للكتب
الرقم الدولى المعيارى للكتاب الملغى /الخاطئ 995740236X
040 ## - مصدر الفهرسة
وكالة الفهرسة الأصلية MU
لغة الفهرسة ara
وكالة النسخ MB
082 04 - رقم تصنيف ديوى العشرى
رقم التصنيف 515
رقم المادة م ع أ
082 04 - رقم تصنيف ديوى العشرى
رقم التصنيف 515
رقم الطبعة 21
100 1# - المدخل الرئيسى - إسم شخصى
الإسم الشخصى منصور، عوض
9 (RLIN) 4329
245 10 - بيان العنوان
العنوان أسس التحليل الرياضي =
بقية العنوان Basic mathematical analysis /
بيان المسئوليه,etc تأليف عوض منصور، عزام صبري.
246 31 - العنوان الموازى
عنوان صحيح/عنوان مختصر Basic mathematical analysis
250 ## - بيان الطبعة
بيان الطبعة ط. 1.
260 ## - PUBLICATION, DISTRIBUTION, ETC. (IMPRINT)
مكان الناشر او الموزع عمان، الأردن :
اسم الناشر او الموزع دار صفاء،
تاريخ النشر أو التوزيع 2000
300 ## - الوصف المادى
التعداد 304 ص. ؛
أبعاد الوعاء 24 سم.
650 #7 - المدخل الاضافى بالموضوع-مصطلح موضوعى
مصطلح موضوعي أو اسم جغرافي كعنصر مدخل التحليل الرياضي
مصدر الرأس أو المصطلح aucsh
700 1# - المدخل الاضافى - اسم شخصى
الإسم الشخصى صبري، عزام
942 ## - عناصر المدخل الإضافي( كوها)
مصدر التصنيف او مخطط الترفيف Dewey Decimal Classification
Koha [default] item type كتاب
المقتنيات
حالة الفقد نموذج السعر الفعال حالة تلف ليس للاعارة رقم الطلب تاريخ الاكتساب الموقع الحالي الباركود الفرع الرئيسي Date last seen نوع المادة فى نظام كوها مصدر التصنيف او خطة الترفيف Total Checkouts
  2013-03-10     515 م ع أ 2012-10-20 مكتبة كلية العلوم و الدراسات الإنسانية برماح - طلاب (SRM) 00095550 مكتبة كلية العلوم و الدراسات الإنسانية برماح - طلاب (SRM) 2013-03-10 كتاب Dewey Decimal Classification  
  2013-03-10     515 م ع أ 2012-10-20 مكتبة كلية العلوم و الدراسات الإنسانية برماح - طلاب (SRM) 00095559 مكتبة كلية العلوم و الدراسات الإنسانية برماح - طلاب (SRM) 2013-03-10 كتاب Dewey Decimal Classification  
  2013-03-10     515 م ع أ 2012-10-20 مكتبة كلية العلوم و الدراسات الإنسانية برماح - طلاب (SRM) 00095547 مكتبة كلية العلوم و الدراسات الإنسانية برماح - طلاب (SRM) 2013-03-10 كتاب Dewey Decimal Classification  
  2013-03-10     515 م ع أ 2012-10-20 مكتبة كلية العلوم و الدراسات الإنسانية برماح - طلاب (SRM) 00095548 مكتبة كلية العلوم و الدراسات الإنسانية برماح - طلاب (SRM) 2013-03-10 كتاب Dewey Decimal Classification  
  2013-03-10     515 م ع أ 2012-10-20 مكتبة كلية العلوم و الدراسات الإنسانية برماح - طلاب (SRM) 00095549 مكتبة كلية العلوم و الدراسات الإنسانية برماح - طلاب (SRM) 2013-03-10 كتاب Dewey Decimal Classification  
  2013-03-10     515 م ع أ 2012-10-20 مكتبة كلية العلوم و الدراسات الإنسانية برماح - طلاب (SRM) 00095551 مكتبة كلية العلوم و الدراسات الإنسانية برماح - طلاب (SRM) 2013-03-10 كتاب Dewey Decimal Classification